Tradičné susedské prepojenia O slovensko-rakúskych kultúrnych aktivitách

Bibliographic Details
Main Author: Oravcová, Natália (Author)
Format: Article
Language:Slovak
PhysicalDescription:Fotogr. 1
Subjects:

MARC

LEADER 00000nab a2200000 a 4500
001 vtls000645121
003 SK-MaSNL
005 20260426071605.0
008 201103c1997 xo 0 slo
015 |a SNBRB19rr/mm-uuuuu 
035 |a CL0645260 
040 |a SNKBUCL  |b slo  |c SNKBUCL  |e AACR2 
041 0 |a slo 
044 |a xo  |c SK 
080 |a 7(436):7(437.6)  |2 1981 
080 |a 7(437.6)  |2 1981 
080 |a 7.091.4  |2 1981 
080 |a 008(436)  |2 1981 
080 |a 008(437.6)  |2 1981 
100 1 |a Oravcová, Natália  |4 aut  |9 5790 
245 1 0 |a Tradičné susedské prepojenia  |b O slovensko-rakúskych kultúrnych aktivitách  |c Natália Oravcová 
300 |b Fotogr. 1 
650 0 7 |a rakúske umenie  |2 snkbucl  |9 87433 
650 0 7 |a Döbling  |2 snkbucl  |9 999180 
650 0 7 |a slovenské umenie  |2 snkbucl  |9 3001 
651 7 |a Slovensko  |2 SNKPHgeo  |9 14231 
651 7 |a Dúbravka (Bratislava IV, Slovensko)  |2 snkbucl  |9 73098 
651 7 |a Rakúsko  |2 snkbucl  |9 18533 
655 7 |a články z novín a časopisov  |2 snkbucl  |9 267496 
773 0 |t Národná osveta  |g Roč. 7, č. 17 (1997), s. 25 
773 0 |t [Príl.] Paleta  |g Roč. 3, č. 3 (1997), s. 3-5 
850 |a Slovenská národná knižnica v Martine  |a MTA001 
852 |a SNK  |b KIS3GCP 
958 |a SK 
958 |a AT 
958 |a RK 
958 |a RBX 
999 |c 2680021  |d 2681951